Fundamentals of biochemistry : life at the molecular level /

Bibliographic Details
Main Author: Voet, Donald
Other Authors: Voet, Judith G., Pratt, Charlotte W.
Format: Book
Language:English
Published: Hoboken, N.J. : John Wiley & Sons, [2008]
Edition:Third edition.
Subjects:

MARC

Tag First Indicator Second Indicator Subfields
LEADER 00000cam a2200000 a 4500
001 in00004511321
005 20210818135444.0
008 080225s2008 njua b 001 0 eng
010 |a  2008271483 
015 |a GBA778999  |2 bnb 
016 7 |a 101464691  |2 DNLM 
020 |a 9780470129302 (acid-free paper) 
020 |a 0470129301 (acid-free paper) 
029 1 |a NLM  |b 101464691 
029 1 |a NLGGC  |b 309336619 
029 1 |a NZ1  |b 11608438 
029 1 |a AU@  |b 000042725802 
029 1 |a AU@  |b 000042792865 
035 |a (OCoLC)ocn212432597 
035 |a (OCoLC)212432597 
035 |z (UtOrBLW)49766 
035 |a 70438 
040 |a DLC  |c DLC  |d BAKER  |d NLM  |d BTCTA  |d TMV  |d UtOrBLW 
049 |a TMVM  |c 1 
050 0 0 |a QD415  |b .V63 2008 
060 0 0 |a 2008 B-052 
060 1 0 |a QU 4  |b V876f 2008 
082 0 4 |a 572  |2 22 
100 1 |a Voet, Donald. 
245 1 0 |a Fundamentals of biochemistry :  |b life at the molecular level /  |c Donald Voet, Judith G. Voet, Charlotte W. Pratt. 
250 |a Third edition. 
264 1 |a Hoboken, N.J. :  |b John Wiley & Sons,  |c [2008] 
264 4 |c ©2008 
300 |a xxx, 1099, 30, 31, 11 :  |b color illustrations ;  |c 29 cm. 
336 |a text  |2 rdacontent  |b txt 
337 |a unmediated  |2 rdamedia 
338 |a volume  |2 rdacarrier  |b nc 
504 |a Includes bibliographical references and index. 
650 0 |a Biochemistry  |v Textbooks. 
650 2 |a Biochemistry. 
700 1 |a Voet, Judith G. 
700 1 |a Pratt, Charlotte W. 
948 |a AE: QU 4 V876f 2006 (33/13,9/2009); 2002 (12/35,4/2009); 1999 (6/44, lost while in reference) 
999 |a MARS 
999 f f |s c159cb5e-5e4f-33de-9477-0f2bd46e5bfe  |i 1be62810-d4e7-3590-8229-dfd0ed6913a0  |t 0 
952 f f |p normal  |a Texas A&M University  |b College Station  |c Medical Sciences Library  |d MSL: Book Stacks  |t 0  |e QU 4 V876f 2008  |h National Library of Medicine classification  |i unmediated -- volume  |m 323890270399C 
998 f f |a QU 4 V876f 2008  |t 0  |l MSL: Book Stacks